000 00513nam a2200169Ia 4500
008 240729s9999 xx 000 0 und d
022 _a2378-9506
245 0 _aJournal of Global Oncology
260 _aUnited States
260 _bAmerican Society of Clinical Oncology
650 _a Internal medicine
650 _a Neoplasms. Tumors. Oncology. Including cancer and carcinogens
650 _aMedicine
856 _uhttps://doaj.org/toc/ea104422972d43b2af29458261eee1fc
942 _2ddc
942 _cDOAJEJ
999 _c69825
_d69825
945 _a1
_bMadushi Gamage
_c1
_dMadushi Gamage